Tilastot visalle Saaret maittain #1

Klikkaa tästä pelataksesi tätä visaa!

Yleistilastot

  • Tätä visaa on pelattu 759 kertaa
  • Keskiarvotulos 11 / 21

Vastaustilastot

SaariValtio% Oikein
GrönlantiTanska
100%
SisiliaItalia
93%
KreetaKreikka
90%
KorsikaRanska
73%
OkinawaJapani
71%
TasmaniaAustralia
70%
IbizaEspanja
69%
MadeiraPortugali
68%
SumatraIndonesia
59%
GuamYhdysvallat
54%
GalápagossaaretEcuador
53%
WightsaariYhdistynyt kuningaskunta
50%
PääsiäissaariChile
49%
HainanKiina
47%
BaffininsaariKanada
43%
ArubaAlankomaat
37%
LuzonFilippiinit
30%
Isla de MargaritaVenezuela
22%
CozumelMeksiko
20%
LänsimaaNorja
20%
SalsetteIntia
14%

Tulosjakauma

Persentiili vastausten määrän mukaan

Jokaisen tuloksen saaneiden osuus

Tuloshistoriasi

Et ole pelannut tätä visaa